Emoji Quiz #28 - Statistics

General Stats
  • This quiz has been taken 9 times
  • The average score is 17 of 25
Answer Stats
Hint Answer % Correct
🏧 {atm} sign
100%
💳 {credit} {card}
100%
💸 money with {wings}
100%
✏️ {pencil}
100%
🪙 {coin}
89%
💵 {dollar} banknote
89%
📧 {e}-{mail}
89%
💶 {euro} banknote
89%
💰 {money} {bag}
89%
💷 {pound} banknote
89%
📫 closed {mailbox} with raised flag
78%
📦 {package}
78%
💴 {yen} banknote
78%
✉️ {envelope}
67%
🖊️ {pen}
67%
🧾 {receipt}
67%
🖍️ {crayon}
56%
🖌️ {paintbrush}
56%
🖋️ {fountain} pen
44%
🏷️ {label}
44%
🗳️ {ballot} box with ballots
33%
📮 {postbox}
33%
✒️ black {nib}
22%
🔖 {bookmark}
22%
📝 {memo}
22%
No matching quizzes found
Score Distribution
Percent of People with Each Score
Percentile by Number Answered
Your Score History
You have not taken this quiz